000 00372nam a2200133Ia 4500
008 230917s9999||||xx |||||||||||||| ||und||
040 _e188088
_aMAIN
041 _aEnglish
082 _a320.0711 P759P
245 0 _aPolitical Science for UGC-NET / SLET: Objective type Questions
260 _aNew Delhi
_bAtlantic Publishers
_c2011
300 _avi, 618 p.
942 _cBK
999 _c162608
_d162608